| 000 | 00524nam a22001457a 4500 | ||
|---|---|---|---|
| 008 | 140128b xxu||||| |||| 00| 0 eng d | ||
| 020 | _a978-9956-726-97-4 | ||
| 050 | _aHF5387.M462 2011 | ||
| 100 |
_aMawere, Munyaradzi _97140 |
||
| 245 |
_aMoral Degeneration In Contemporary Zimbabwean Business Practices _cMunyaradzi Mawere |
||
| 260 |
_aCameroon _bLangaa Research and Publishing CIG _c2011 |
||
| 300 |
_axiv, 171p. ; _c21cm. |
||
| 650 |
_aBusiness ethics _xEconomic conditions _zZimbabwe _97141 |
||
| 942 |
_2lcc _cMONOGRAPH _03 |
||
| 999 |
_c119724 _d119724 |
||